000 00770nam a2200229Ii 4500
003 JO-AjNU
008 230605s9999||||xx |||||||||||||| ||und||
017 _a2010/2/2095
020 _a978-9957-07-346-6
040 _aJO-AjNU
_bara
_erda
_cJO-AjNU
041 _aara
050 1 4 _aHB172.M362.2012
100 3 _aالنصر، محمد محمود/عبدالله محمد شامية,
_eauthor
_943129
245 0 0 _aمبادىء الاقتصاد الجزئي=Principles OF Microeconomics
250 _aط7
264 3 1 _aعمان:دار الفكر ناشرون وموزعون،2012
300 _a336ص
336 _atext
_btxt
_2rdacontent
337 _aunmediated
_bn
_2rdamedia
338 _avolume
_bnc
_2rdacarrier
650 4 _aالاقتصاد الجزئي
_943130
999 _aA18519
_c22087
_d22087